Normal view
MARC view
Entry Personal Name
001 - CONTROL NUMBER
- control field: 17786
003 - CONTROL NUMBER IDENTIFIER
- control field: BD-RjUL
005 - DATE AND TIME OF LATEST TRANSACTION
- control field: 20260225094037.0
008 - FIXED-LENGTH DATA ELEMENTS
- fixed length control field: 260225|| aca||aabn | a|a d
040 ## - CATALOGING SOURCE
- Original cataloging agency: BD-RjUL
- Transcribing agency: BD-RjUL
100 ## - HEADING--PERSONAL NAME
- Personal name: الرافعی ،مصطفی صادق ;; Al-Rafi, Mustafa Sadiq
670 ## - SOURCE DATA FOUND
- Source citation: Work cat.: (BD-RjUL)86207: الرافعی ،مصطفی صادق ;; Al-Rafi, Mustafa Sadiq, وحی القلم ;; wahi alqalam /, 1957